| 000 | 00639nam a2200181Ia 4500 | ||
|---|---|---|---|
| 008 | 090630s9999 xx 000 0 und d | ||
| 082 | _b13665 | ||
| 100 | _aवाळिंबे शरच्चंद्र. | ||
| 245 |
_aगॉड फादर. _cवाळिंबे शरच्चंद्र. |
||
| 260 |
_bएस. के. - पुणे. _c1994 |
||
| 300 | _a160 | ||
| 600 | _aवाळिंबे शरच्चंद्र. | ||
| 630 | _aगॉड फादर. | ||
| 655 | _aकादंबरी. | ||
| 700 | _aवाळिंबे शरच्चंद्र. | ||
| 730 | _aगॉड फादर. | ||
| 942 | _cBOOK | ||
| 999 |
_c265521 _d265521 |
||